000 00267nam a2200109Ia 4500
008 190216s9999||||xx |||||||||||||| ||und||
100 _aNoorani A G
245 0 _aAspects Of Indian Foreign Policy
260 _bJaico Publishing House
650 _aHistory
942 _cBK
999 _c19933
_d19933